AFL Teams - Statistics

General Stats
  • This quiz has been taken 40 times
  • The average score is 16 of 18
Answer Stats
Team % Correct
Adelaide Crows
97%
Brisbane Lions
97%
Melbourne Demons
94%
Richmond Tigers
94%
Essendon Bombers
92%
Geelong Cats
92%
GWS Giants
92%
Sydney Swans
92%
Collingwood Magpies
89%
Hawthorn Hawks
89%
Port Adelaide Power
89%
St Kilda Saints
89%
Carlton Blues
86%
Fremantle Dockers
86%
Gold Coast Suns
86%
West Coast Eagles
86%
Western Bulldogs
86%
North Melbourne Kangaroos
83%
No matching quizzes found
Score Distribution
Percent of People with Each Score
Percentile by Number Answered
Your Score History
You have not taken this quiz